000 00475nam a2200169 a 4500
005 20210223120443.0
008 991125s1959 mx 000 0 spa u
035 _aUPN01000001529
049 _aF
050 4 _aF1235.5 R3
_bD5.2
100 1 _aDíaz, Abel Santiago
245 1 0 _aAlfonso Francisco Ramírez /
_cpor Abel Santiago Díaz.
260 _aMéxico :
_bLa Justicia,
_c1959.
300 _a12 p.
600 1 4 _aRAMIREZ, ALFONSO FRANCISCO,
_dN.1896
_913106
905 _aLibro
999 _c1529
_d1529